Los rusos de hoy / (Record no. 141424)

MARC details
000 -LEADER
campo de control de longitud fija 00557nam a2200181 i 4500
001 - NÚMERO DE CONTROL
campo de control 141424
003 - IDENTIFICADOR DE NÚMERO DE CONTROL
campo de control ES-MaACL
005 - FECHA Y HORA DE LA ÚLTIMA TRANSACCIÓN
campo de control 20230906200306.0
007 - CAMPO FIJO DE DESCRIPCIÓN FÍSICA--INFORMACIÓN GENERAL
campo de control de longitud fija t|
008 - DATOS DE LONGITUD FIJA--INFORMACIÓN GENERAL
campo de control de longitud fija 070924s1970 sp ||||1| spa d
100 1# - ENTRADA PRINCIPAL--NOMBRE DE PERSONA
Nombre de persona Vladimirov, Leonid.
9 (RLIN) 115629
245 14 - MENCIÓN DEL TÍTULO
Título Los rusos de hoy /
Mención de responsabilidad, etc. Leonid Vladimirov ; [traducción de Javier Mencos y Sicart].
250 ## - MENCION DE EDICION
Mención de edición [1ª ed.].
260 ## - PUBLICACIÓN, DISTRIBUCIÓN, ETC.
Lugar de publicación, distribución, etc. [Barcelona] :
Nombre del editor, distribuidor, etc. Plaza Janés,
Fecha de publicación, distribución, etc. [1970]
300 ## - DESCRIPCIÓN FÍSICA
Extensión 308 p., 20 lám. ;
Dimensiones 21 cm.
700 1# - ENTRADA AGREGADA--NOMBRE PERSONAL
Nombre de persona Mencos y Sicart, Javier de.
9 (RLIN) 80091
852 ## - LOCALIZACIÓN
Ubicación ES-MaACL
Número de control de estantería C-49529
Sublocalización o colección R.73660
Holdings
Estatus retirado Estado de pérdida Estado de daño No para préstamo Biblioteca de origen Biblioteca actual Ubicación en estantería Fecha de adquisición Fuente de adquisición Total de préstamos Signatura topográfica completa Código de barras Visto por última vez Precio de reemplazo Tipo de ítem Koha
        Biblioteca del Ateneo de Madrid Biblioteca del Ateneo de Madrid Depósito 2 17/01/2008     C-49529 1147156 23/02/2023 23/02/2023 Libro impreso